| 000 | nam a22 a 4500 | ||
|---|---|---|---|
| 999 |
_c3967 _d3967 |
||
| 005 | 20170524130657.0 | ||
| 008 | 170524s1981 enkac | 001 | eng d | ||
| 020 | _a0137388071 | ||
| 040 | _aAKMAL | ||
| 082 | _a808.5'1 HUN | ||
| 090 |
_a808.5'1 _bHUN |
||
| 100 |
_aHunt, Gary T. _97788 |
||
| 245 |
_aPublic speaking / _cGary T. Hunt. |
||
| 260 |
_aEnglewood Cliffs _bPrentice-Hall _cc1981. |
||
| 300 |
_axi,308p. _b ill., ports. _c23 cm |
||
| 504 | _aIncludes bibliographies and index. | ||
| 650 |
_aPublic speaking. _9488 |
||
| 942 |
_2ddc _cBOOK |
||